İslam'ın siyasal söylemi / (Record no. 14504)

MARC details
000 -BAŞLIK
Sabit Uzunlukta Kontrol Alanı 00683nam a22002297a 4500
999 ## - SİSTEM KONTROL NUMARALARI (KOHA)
Koha Biblionumber 14504
Koha Biblioitemnumber 14504
003 - KONTROL NUMARASI IDENTIFIER
Denetim Alanı MIRAKIL
005 - SON İŞLEM TARİHİ VE ZAMANI
Denetim Alanı 20210823163357.0
008 - SABİT-BOY VERİ ELEMANLARI - GENEL BİLGİLER
Sabit Uzunlukta Kontrol Alanı 210823b tu ||||| |||| 00| 0 tur d
020 ## - ULUSLARARASI STANDART KİTAP NUMARASI
Uluslararası Standart Kitap Numarası 9754800812
040 ## - KATALOGLAMA KAYNAK
Orijinal Kataloglama Ajansı TR-AnCHP
Metne Dönüştürmek Ajansı TR-AnCHP
041 ## - DİL KODU
Metin / Ses Parça Veya Ayrı Başlığın Dil Kodu Tur
082 ## - DEWEY ONLU SINIFLANDIRMA NUMARASI
Sınıflandırma Numarası 297.197
Ürün Numarası L38i 1993
100 1# - ANA GİRİŞ - KİŞİSEL İSİM
Kişisel Ad Lewis, Bernard
245 10 - BAŞLIK TABLOSU
Başlık İslam'ın siyasal söylemi /
Sorumluluk Tablosu, Vb Bernard Lewis ; Türkçesi: Ünsal Oskay
260 ## - YAYIN, DAĞITIM, VB
Yayın, Dağıtım, Vb Yeri İstanbul :
Yayıncı, Dağıtıcı, Vs Adı Cep Kitapları,
Yayın, Dağıtım, Vb Tarihi 1993.
300 ## - FİZİKSEL TANIM
Kapsam 192 s.:
Boyutlar 19 sm.
490 0# - SERİSİ TABLOSU
Seri Beyanı Cep Kitapları ;
-- Düşünce ;
Hacim / Ardışık Tanımı 116.
-- 5.
650 #0 - KONU KATMA GİRİŞ - TOPİKAL DÖNEM
9 (RLIN) 5062
Topikal Süreli Veya Coğrafi Ad Giriş Elemanı Siyasal İslam
650 #0 - KONU KATMA GİRİŞ - TOPİKAL DÖNEM
9 (RLIN) 5876
Topikal Süreli Veya Coğrafi Ad Giriş Elemanı Siyaset ve din
700 ## - KATMA GİRİŞ - KİŞİSEL İSİM
9 (RLIN) 6741
Kişisel Ad Oskay, Ünsal
Relator Terim çev.
942 ## - EKLENDİ GİRİŞ ELEMANLARI (KOHA)
Sınıflandırma Veya Raf Düzeni Kaynak Dewey Decimal Classification
Koha Öğesi Türü Books
Holdings
Kalıcı Konum Mevcut Konum Edinme Tarihi Toplam Check-Out'Lar Tam Çağrı Numarası Barkod Tarih Son Görülme İtibaren Geçerli Fiyatlar Sigara Kamu Notu Koha Öğesi Türü
CHP Kütüphanesi CHP Kütüphanesi 08/23/2021   297.197 L38i 1993 019998 08/23/2021 08/23/2021 Emin Değer Bağışıdır. Books